000 00434nam a22001697a 4500
003 OSt
005 20260210053658.0
008 260210b |||||||| |||| 00| 0 eng d
020 _a9780061762703
040 _aDWCL-Main Lib
_cOC
082 _aFic.C672 2008
100 _aCoelho, Paolo
245 _aBrida : a novel
260 _aNew York :
_bHarper Collins,
_cc2008.
300 _a212 pages. ;
_c17 cm.
942 _2ddc
_cFIC.
_mFic.
_n0
999 _c8335
_d8335